Well done,secret seven

Bibliographic Details
Main Author: Blyton, Enid
Format: Book
Published: London : Award Publications Limited , 1995
Subjects:

MARC

LEADER 00000cam a2200000 7i4500
001 0000009875
002 000010754
005 20000330.0
020 |a 0861635728 
090 0 0 |a JF   |b BLY 
100 1 |a Blyton, Enid 
245 1 0 |a Well done,secret seven   |c Enid Blyton 
260 |a London :   |b Award Publications Limited ,   |c 1995 
300 |a 118p. :   |b ill ;   |c 17cm. 
650 0 0 |a Children's stories 
999 |a 041356   |b BUKU   |c PINJAMAN   |e PERPUSTAKAAN KOMUNITI PETALING JAYA 
999 |a 041357   |b BUKU   |c PINJAMAN   |e PERPUSTAKAAN KOMUNITI PETALING JAYA 
999 |a 045128   |b BUKU   |c PINJAMAN   |e PERPUSTAKAAN KOMUNITI PETALING JAYA 
999 |a 045129   |b BUKU   |c PINJAMAN   |e PERPUSTAKAAN KOMUNITI PETALING JAYA